[Event "World Rapid Women 2025"]
[Site "Doha QAT"]
[Date "2025.12.28"]
[Round "11.56"]
[White "Jiang, Tianyu"]
[Black "Parnali, S Dharia"]
[Result "1-0"]
[BlackTitle "WIM"]
[WhiteElo "2224"]
[BlackElo "2150"]
[WhiteFideId "8627215"]
[BlackFideId "5043131"]
[EventDate "2025.12.26"]

1. e4 e5 2. Nf3 Nc6 3. Bb5 a6 4. Ba4 Nf6 5. O-O b5 6. Bb3 Bc5 7. a4 Bb7 8. d3 h6
9. c3 d6 10. Na3 O-O 11. Bd2 Bxa3 12. Rxa3 d5 13. axb5 axb5 14. Rxa8 Bxa8 15.
Bc2 Qd6 16. Qe2 Re8 17. Nh4 dxe4 18. dxe4 Rd8 19. Rd1 Qc5 20. Nf5 Kh7 21. Be3
Qc4 22. Qxc4 Rxd1+ 23. Bxd1 bxc4 24. f3 h5 25. Bf2 Ne8 26. Be2 Na5 27. Bc5 Bb7
28. Ne3 Ba6 29. Bb4 Nc6 30. Ba3 Na5 31. b4 Nb7 32. Bxc4 Bxc4 33. Nxc4 f6 34. Kf2
Ned6 35. Nxd6 Nxd6 36. Ke2 h4 37. Kd3 Kg6 38. c4 Kf7 39. h3 Ke6 40. b5 Nb7 41.
c5 c6 42. bxc6 Na5 43. c7 Kd7 44. Bb4 Nc6 45. Be1 g5 46. Kc4 Kxc7 47. Bc3 Kd7
48. Kb5 Kc7 49. Ba5+ Kb7 50. Bb6 Nd4+ 51. Kc4 Kc8 52. Kd5 Kd7 53. Ba5 Nc6 54.
Bb6 Nd4 55. Ba5 Nc6 56. Be1 Nd4 57. Bf2 Nc6 58. Kc4 Na7 59. Be1 Nc6 60. Kd3 Nd4
61. Bf2 Ne6 62. Be3 Kc6 63. Kc4 Nf8 64. Bd2 Ne6 65. Be3 Nf8 66. Bf2 Ne6 67. Be3
Nf8 68. Bd2 Ne6 69. Ba5 Nxc5 70. Bd8 Nd7 71. Be7 Nb6+ 72. Kb4 Nd7 73. Ka5 Kc7
74. Kb5 Kb7 75. Bd6 Nb6 76. Kc5 Ka6 77. Be7 Kb7 78. Kd6 Nc4+ 79. Ke6 Ne3 80.
Kxf6 Nxg2 81. Kxg5 Kc6 82. Kg4 Kd7 83. Bxh4 Ne3+ 84. Kg5 Ke6 85. Bf2 Nd1 86. Bc5
Nb2 87. h4 Nd3 88. Be3 Ne1 89. Kg4 Nd3 90. h5 Kf6 91. Bg5+ Ke6 92. h6 Kf7 93.
Kf5 Ne1 94. Bf6 Nxf3 95. h7 Nd4+ 96. Kxe5 Nc6+ 97. Kd6 Ne7 98. h8=Q Nf5+ 99. Ke5 1-0

[Event "World Rapid Women 2025"]
[Site "Doha QAT"]
[Date "2025.12.28"]
[Round "11.57"]
[White "Tarasenka, Aliaksandra"]
[Black "Karimova, Guldona"]
[Result "1/2-1/2"]
[WhiteTitle "WIM"]
[BlackTitle "WIM"]
[WhiteElo "2266"]
[BlackElo "2288"]
[WhiteFideId "13514288"]
[BlackFideId "14210410"]
[EventDate "2025.12.26"]

1. e4 c5 2. Nc3 Nc6 3. Bb5 Nd4 4. Bc4 e6 5. Nge2 Nf6 6. O-O a6 7. a4 d5 8. exd5
exd5 9. Ba2 Nxe2+ 10. Qxe2+ Be7 11. d3 O-O 12. Nxd5 Nxd5 13. Bxd5 Qxd5 14. Qxe7
Bd7 15. Qg5 f5 16. Qf4 Bc6 17. f3 Rae8 18. Be3 Re6 19. Rfe1 Rfe8 20. Bf2 Re2 21.
Rxe2 Rxe2 22. Re1 Rxc2 23. Qb8+ Kf7 24. Qc7+ Qd7 25. Qe5 Rd2 26. Bxc5 Rxd3 27.
h4 Rd1 28. a5 Rxe1+ 29. Qxe1 Qe6 30. Qg3 h6 31. Bd4 Qg6 32. Qxg6+ Kxg6 33. Kf2
f4 34. Be5 Kf5 35. Bxg7 h5 36. Bd4 Bb5 37. Bb6 Bc4 38. Bc7 Bb5 39. Ke1 Bc4 40.
Kd2 Bf1 41. g3 fxg3 42. Bxg3 Bb5 43. Ke3 Bc6 44. Bf4 Bd5 45. Bg5 Bc6 46. f4 1/2-1/2

[Event "World Rapid Women 2025"]
[Site "Doha QAT"]
[Date "2025.12.28"]
[Round "11.58"]
[White "Ismayil, Malak"]
[Black "Gaboyan, Susanna"]
[Result "0-1"]
[WhiteTitle "WIM"]
[BlackTitle "WIM"]
[WhiteElo "2138"]
[BlackElo "2182"]
[WhiteFideId "13412604"]
[BlackFideId "13303627"]
[EventDate "2025.12.26"]

1. e4 c5 2. Nf3 Nc6 3. b3 e5 4. Bb5 Nge7 5. Bb2 d6 6. h3 g6 7. c3 Bg7 8. Na3 O-O
9. Nc4 a6 10. Bxc6 Nxc6 11. Ne3 f5 12. d3 Ne7 13. c4 f4 14. Nc2 Nc6 15. Qd2 b5
16. Ng1 Be6 17. f3 Bf6 18. Ne2 Bh4+ 19. Kf1 Rb8 20. Rb1 bxc4 21. dxc4 Nd4 22.
Bxd4 cxd4 23. Rd1 a5 24. Nc1 a4 25. Nb4 Rb7 26. Ncd3 axb3 27. axb3 Qa5 28. Ke2
Qa3 29. Rb1 Rfb8 30. Nc6 Ra8 31. Ncb4 Qa5 32. Rb2 Qd8 33. Ra2 Rab8 34. Ra4 Qg5
35. Kf1 Qg3 36. Qe2 Bd7 37. Ra6 Rxb4 38. Nxb4 Rxb4 39. Ra3 Be6 40. Kg1 Bxc4 41.
Qd2 Rb8 42. Rh2 Bxb3 43. Ra1 Rc8 44. Rc1 Rxc1+ 45. Qxc1 Qf2+ 46. Kh1 d3 47. g3
Qxf3+ 48. Rg2 Bxg3 49. Qc8+ Kg7 50. Qc7+ Kh6 51. Qc1 d2 0-1

[Event "World Rapid Women 2025"]
[Site "Doha QAT"]
[Date "2025.12.28"]
[Round "11.59"]
[White "Charkhalashvili, Inga"]
[Black "Fawaz, Nadia"]
[Result "1-0"]
[WhiteTitle "WGM"]
[BlackTitle "WFM"]
[WhiteElo "2235"]
[BlackElo "1957"]
[WhiteFideId "13601431"]
[BlackFideId "5309743"]
[EventDate "2025.12.26"]

1. d4 d5 2. c4 e6 3. Nc3 Nf6 4. Bg5 c5 5. cxd5 exd5 6. e3 cxd4 7. Qxd4 Nc6 8.
Qa4 Be7 9. Nf3 O-O 10. Be2 h6 11. Bh4 Be6 12. O-O Qb6 13. Nb5 Rac8 14. Nbd4 Bd7
15. Qb3 Qxb3 16. axb3 Nxd4 17. Nxd4 a6 18. Rfd1 g5 19. Bg3 Ne4 20. Be5 Rfe8 21.
h3 Bc5 22. Nf3 Be6 23. Bd4 Nd6 24. Rac1 Ne4 25. Bxc5 Rxc5 26. Rxc5 Nxc5 27. Nd4
Rc8 28. Bf3 Nd7 29. Bg4 Bxg4 30. hxg4 Ne5 31. f3 a5 32. Nf5 Rc2 33. Rxd5 Nc6 34.
Nxh6+ Kg7 35. Nf5+ Kf8 36. Rb5 Rxb2 37. Rxb7 Nd8 38. Rb5 f6 39. Rxa5 Rxb3 40.
Ra6 Kf7 41. Ra7+ Kf8 42. Ra6 Kf7 43. Nd6+ Ke7 44. Ne4 Rxe3 45. Nxf6 Re6 46. Nd5+
Kf7 47. Ra7+ Kg6 48. f4 Rd6 49. Ne7+ Kf6 50. Ng8+ Ke6 51. Re7+ Kd5 52. Re5+ Kd4
53. Rxg5 Ke3 54. f5 Kf4 55. Rg7 Nc6 56. f6 Ne5 57. f7 Rd8 58. Nh6 Ra8 59. Rg8
Nxf7 60. Rxa8 Nxh6 61. Ra4+ Kg5 62. Kf2 Nxg4+ 63. Kg3 Nf6 64. Ra5+ Kg6 65. Kf4
Ne8 66. Ra6+ Kf7 67. g4 Kg7 68. Kf5 Kf7 69. Ra7+ Kf8 70. Kg6 Nd6 71. g5 Ne4 72.
Kh6 1-0

[Event "World Rapid Women 2025"]
[Site "Doha QAT"]
[Date "2025.12.28"]
[Round "11.60"]
[White "Gong, Qianyun"]
[Black "Khalil, Manar"]
[Result "1-0"]
[WhiteTitle "WGM"]
[BlackTitle "WFM"]
[WhiteElo "2228"]
[BlackElo "1925"]
[WhiteFideId "8602425"]
[BlackFideId "7604661"]
[EventDate "2025.12.26"]

1. e4 c5 2. Nf3 Nc6 3. Bb5 g6 4. O-O Bg7 5. c3 e5 6. d4 cxd4 7. cxd4 Nxd4 8.
Nxd4 exd4 9. Bf4 Ne7 10. Nd2 O-O 11. Bd6 Re8 12. a4 Nc6 13. f4 a6 14. Bd3 b6 15.
b4 a5 16. b5 Nb4 17. Bc4 Bf8 18. Bxf8 Rxf8 19. Nf3 d5 20. exd5 Nxd5 21. Qxd4 Nb4
22. Qc3 Bf5 23. Ne5 Qc8 24. Rac1 Be6 25. Qg3 Bxc4 26. Rxc4 Qf5 27. Ng4 Kg7 28.
Qc3+ f6 29. Rc7+ Kh8 30. Nh6 Qe4 31. Qh3 Qd4+ 32. Kh1 Qd5 33. Ng4 h5 34. Qh4 Qd6
35. Rcc1 Rae8 36. h3 Qe6 37. Rce1 Qc4 38. Nxf6 Rxe1 39. Rxe1 Qc3 40. Nxh5 gxh5
41. Qxh5+ Kg8 42. Qg6+ Qg7 43. Qxb6 Rxf4 44. Qxa5 Qf7 45. Kh2 Nd5 46. Qd8+ Kh7
47. Re5 Rf5 48. Qh4+ Kg6 49. Qg4+ 1-0

[Event "World Rapid Women 2025"]
[Site "Doha QAT"]
[Date "2025.12.28"]
[Round "11.61"]
[White "Serikbay, Assel"]
[Black "Charvi A"]
[Result "1-0"]
[WhiteTitle "WIM"]
[BlackTitle "WFM"]
[WhiteElo "2221"]
[BlackElo "2270"]
[WhiteFideId "13706799"]
[BlackFideId "25165518"]
[EventDate "2025.12.26"]

1. d4 Nf6 2. c4 g6 3. Nc3 Bg7 4. e4 d6 5. Be2 O-O 6. Be3 e5 7. d5 Na6 8. g4 Nc5
9. Bxc5 dxc5 10. h4 Ne8 11. Qd2 Nd6 12. h5 f5 13. hxg6 hxg6 14. gxf5 gxf5 15.
Bd3 Qf6 16. O-O-O fxe4 17. Nxe4 Nxe4 18. Bxe4 Qf4 19. Bh7+ Kh8 20. Qxf4 Rxf4 21.
d6 cxd6 22. Rxd6 Bf8 23. Bc2+ Kg8 24. Rg6+ Kf7 25. Rh7+ Ke8 26. Ne2 Rxc4 27. Nc3
Bd7 28. Rg8 Be6 29. Bg6+ 1-0

[Event "World Rapid Women 2025"]
[Site "Doha QAT"]
[Date "2025.12.28"]
[Round "11.62"]
[White "Jimenez Fernandez, Rebeca"]
[Black "Iudina, Veronika"]
[Result "0-1"]
[WhiteTitle "WFM"]
[BlackTitle "WFM"]
[WhiteElo "2137"]
[BlackElo "2204"]
[WhiteFideId "32070934"]
[BlackFideId "24277916"]
[EventDate "2025.12.26"]

1. e4 e5 2. Nf3 Nc6 3. Bb5 a6 4. Ba4 Nf6 5. O-O b5 6. Bb3 Bc5 7. c3 d6 8. a4 Bb7
9. d4 Bb6 10. Re1 O-O 11. Bg5 h6 12. Bh4 Re8 13. Na3 exd4 14. cxd4 g5 15. Bxg5
hxg5 16. Nxg5 d5 17. e5 Nxd4 18. Qd3 Ne4 19. Nxf7 Qh4 20. g3 Qh5 21. Rxe4 dxe4
22. Nd6+ Kh8 23. Nxe4 Bxe4 24. Qxe4 Nf3+ 25. Kg2 Qxh2+ 26. Kxf3 Qxf2+ 27. Kg4
Rg8+ 28. Bxg8 Rxg8+ 29. Kh5 Qxg3 30. Qf5 Qh2+ 0-1

[Event "World Rapid Women 2025"]
[Site "Doha QAT"]
[Date "2025.12.28"]
[Round "11.63"]
[White "Echcharbiny, Wissal"]
[Black "Machlik, Monika"]
[Result "0-1"]
[WhiteElo "1726"]
[BlackElo "2084"]
[WhiteFideId "9014853"]
[BlackFideId "1513621"]
[EventDate "2025.12.26"]

1. d4 Nf6 2. e3 d5 3. Bd3 e6 4. Nd2 c5 5. c3 Nc6 6. f4 Bd6 7. Ndf3 Qc7 8. Ne5 a6
9. Qf3 Ne7 10. Nh3 h6 11. O-O Bd7 12. a3 Bb5 13. Nf2 Bxd3 14. Nfxd3 Ne4 15. Nf2
Nxf2 16. Rxf2 Nc6 17. b4 cxd4 18. exd4 O-O-O 19. Bb2 f6 20. Ng6 Rhe8 21. Qg4 Kb8
22. Re2 e5 23. Rae1 e4 24. g3 Qf7 25. Nh4 Ne7 26. Nf5 Nxf5 27. Qxf5 g6 28. Qh3
f5 29. Qf1 g5 30. Bc1 Qg6 31. Rf2 Rf8 32. Be3 Rc8 33. Rc1 Rc4 34. Qe2 Rfc8 35.
Qd2 Be7 36. Rff1 Ka8 37. Kh1 Rf8 38. Qf2 Qh5 39. Qd2 Rf7 40. Rf2 Bd6 41. Qe2
Qxe2 42. Rxe2 g4 43. Rec2 h5 44. Kg2 Rh7 45. Rh1 h4 46. Rcc1 Rc8 47. Bf2 Be7 48.
Rc2 Bf6 49. Rcc1 h3+ 50. Kf1 Rhc7 51. Be1 Bxd4 52. Ke2 Bxc3 53. Bf2 d4 54. Rcd1
d3+ 55. Ke3 Rd7 0-1

[Event "World Rapid Women 2025"]
[Site "Doha QAT"]
[Date "2025.12.28"]
[Round "11.64"]
[White "Olde, Margareth"]
[Black "Druzhinina, Olga"]
[Result "1-0"]
[WhiteTitle "WIM"]
[BlackTitle "WFM"]
[WhiteElo "2214"]
[BlackElo "2175"]
[WhiteFideId "4503082"]
[BlackFideId "4141911"]
[EventDate "2025.12.26"]

1. d4 Nf6 2. c4 g6 3. Nc3 d5 4. e3 Bg7 5. Qb3 dxc4 6. Bxc4 O-O 7. Nf3 e6 8. O-O
Nc6 9. Be2 Nd5 10. Rd1 a5 11. e4 Nxc3 12. bxc3 a4 13. Qc2 Qe7 14. e5 h6 15. Nd2
b6 16. Nc4 Rd8 17. f4 Bb7 18. Ba3 Qd7 19. Ne3 Ne7 20. c4 Nf5 21. Nxf5 gxf5 22.
Qc3 Kh7 23. Bf3 Bxf3 24. Qxf3 c6 25. Rab1 Ra6 26. Rd3 Bf8 27. Bxf8 Rxf8 28. d5
cxd5 29. cxd5 exd5 30. Rxd5 Qc6 31. Qd3 Kg7 32. Rd6 Qc5+ 33. Kh1 Ra7 34. Qxf5
Rc7 35. Qf6+ Kg8 36. Rbd1 b5 37. R6d3 Re8 38. Rg3+ Kf8 39. Qxh6+ Ke7 40. Qf6+
Kf8 41. Rh3 1-0

[Event "World Rapid Women 2025"]
[Site "Doha QAT"]
[Date "2025.12.28"]
[Round "11.65"]
[White "Sawan, Eman"]
[Black "Dwilewicz, Katarzyna"]
[Result "0-1"]
[WhiteTitle "WFM"]
[BlackTitle "WFM"]
[WhiteElo "1960"]
[BlackElo "2185"]
[WhiteFideId "11511729"]
[BlackFideId "1148486"]
[EventDate "2025.12.26"]

1. e4 c5 2. Nf3 e6 3. d3 Nc6 4. g3 d5 5. Qe2 Nf6 6. Bg2 Be7 7. O-O b6 8. e5 Nd7
9. c4 d4 10. Re1 Bb7 11. a3 Qc7 12. Bf4 h6 13. h4 O-O-O 14. Nbd2 Rdg8 15. Ne4
Kb8 16. Nd6 g5 17. hxg5 hxg5 18. Bd2 g4 19. Nh2 f5 20. Nxb7 Kxb7 21. b4 Kc8 22.
b5 Ncxe5 23. a4 Bd6 24. a5 Kd8 25. axb6 axb6 26. Bf4 Ke7 27. Ra2 Kf6 28. Rea1
Nf3+ 29. Bxf3 gxf3 30. Bxd6 Qxd6 31. Qxf3 Ne5 32. Qf4 Nxc4 33. Qxd6 Nxd6 34. Ra6
Rb8 35. Rb1 e5 36. f3 Rhc8 37. g4 c4 38. dxc4 Rxc4 39. Ra7 Rc5 40. gxf5 Kxf5 41.
Rh7 Rxb5 42. Ra1 Rb2 43. Re1 Rg8+ 44. Kh1 d3 45. Rh5+ Kf4 46. Rh4+ Kf5 47. Rh5+
Rg5 48. Rxg5+ Kxg5 49. Rxe5+ Kf4 50. Rd5 d2 51. Nf1 Nc4 52. Rd4+ Kxf3 53. Nxd2+
Nxd2 54. Rd6 Ne4 55. Rd8 Ng3+ 56. Kg1 Rg2# 0-1

[Event "World Rapid Women 2025"]
[Site "Doha QAT"]
[Date "2025.12.28"]
[Round "11.66"]
[White "Miranda Rodriguez, Tania"]
[Black "Nordahl, Christine"]
[Result "1-0"]
[WhiteTitle "WIM"]
[WhiteElo "2051"]
[BlackElo "1835"]
[WhiteFideId "3510417"]
[BlackFideId "1557939"]
[EventDate "2025.12.26"]

1. e4 c5 2. Nf3 Nc6 3. d4 cxd4 4. Nxd4 g6 5. c4 Bg7 6. Be3 Nf6 7. Nc3 O-O 8. Be2
Nxd4 9. Bxd4 d6 10. O-O Bd7 11. h3 Bc6 12. Qc2 a5 13. b3 Nd7 14. Bxg7 Kxg7 15.
Rfd1 Qc8 16. Qb2 Kg8 17. Bg4 b6 18. Bxd7 Qxd7 19. e5 Qb7 20. exd6 exd6 21. Nd5
Bxd5 22. Rxd5 Qe7 23. Rad1 Rad8 24. Qd4 Qe2 25. Rd2 Qe1+ 26. Kh2 Rb8 27. Rxd6
Rfe8 28. Rd7 Qe6 29. Qf4 Rf8 30. g3 h5 31. h4 Kg7 32. R2d6 Qe2 33. Qd4+ Kg8 34.
Rxg6+ fxg6 35. Qg7# 1-0

[Event "World Rapid Women 2025"]
[Site "Doha QAT"]
[Date "2025.12.28"]
[Round "11.67"]
[White "Lesbekova, Assel"]
[Black "Zvereva, Marija"]
[Result "1-0"]
[WhiteTitle "WCM"]
[BlackTitle "WIM"]
[WhiteElo "1948"]
[BlackElo "2007"]
[WhiteFideId "13713248"]
[BlackFideId "4121082"]
[EventDate "2025.12.26"]

1. e4 c5 2. c4 Nc6 3. Nc3 g6 4. d3 Bg7 5. g3 e6 6. Bg2 d6 7. Be3 a6 8. Rb1 b5 9.
e5 Qb6 10. exd6 Rb8 11. Nge2 Nd4 12. Bxd4 cxd4 13. Ne4 bxc4 14. dxc4 Qb4+ 15.
Qd2 d3 16. Nf4 Bd7 17. Qxb4 Rxb4 18. Nd2 Nh6 19. Nxd3 Rb8 20. c5 Rc8 21. Bb7 O-O
22. O-O Bb5 23. c6 Rb8 24. Nc5 Nf5 25. Nde4 Rxb7 26. cxb7 Bxf1 27. Kxf1 Be5 28.
Nd7 Nxd6 29. Nxf8 Nxe4 30. Nd7 Bc7 31. Rc1 1-0

[Event "World Rapid Women 2025"]
[Site "Doha QAT"]
[Date "2025.12.28"]
[Round "11.68"]
[White "Skaslien, Ingrid"]
[Black "Lau, Chloe Hailey"]
[Result "1-0"]
[WhiteElo "2029"]
[BlackElo "1562"]
[WhiteFideId "1520660"]
[BlackFideId "6012469"]
[EventDate "2025.12.26"]

1. c4 c6 2. Nf3 d5 3. e3 Nf6 4. Nc3 Bf5 5. cxd5 cxd5 6. Qb3 Bc8 7. Bb5+ Nc6 8.
Ne5 Qc7 9. d4 e6 10. O-O Bd6 11. f4 O-O 12. Bd3 a6 13. Bd2 Nd7 14. Rac1 Qb6 15.
Qd1 Bxe5 16. fxe5 Qxb2 17. Rb1 Qa3 18. Qh5 g6 19. Qh6 Re8 20. Rf3 Qf8 21. Qf4
Qg7 22. Rbf1 Rf8 23. Qh4 Nd8 24. e4 dxe4 25. Nxe4 Qh8 26. Bh6 b5 27. Nf6+ Nxf6
28. exf6 Bb7 29. Rh3 1-0

[Event "World Rapid Women 2025"]
[Site "Doha QAT"]
[Date "2025.12.28"]
[Round "11.69"]
[White "Al-Khulaifi, Ghada"]
[Black "Abrar Mohammed Ahmad Almalki"]
[Result "1-0"]
[WhiteTitle "WCM"]
[WhiteElo "1630"]
[BlackElo "1826"]
[WhiteFideId "12100633"]
[BlackFideId "21543143"]
[EventDate "2025.12.26"]

1. d4 Nf6 2. c4 e6 3. Nc3 b6 4. e4 Bb4 5. Bg5 h6 6. Bh4 g5 7. Bg3 Nxe4 8. Qd3
Nxc3 9. bxc3 Be7 10. Qf3 c6 11. Bd3 d5 12. cxd5 cxd5 13. Ne2 Ba6 14. Bxa6 Nxa6
15. Qd3 Nc7 16. Rc1 Qd7 17. O-O O-O 18. Qf3 f5 19. Bxc7 Qxc7 20. Qh5 Kg7 21. f4
Qc4 22. fxg5 hxg5 23. Qf3 Rh8 24. Rfe1 Rh6 25. Ng3 Qc7 26. Nh5+ Kf7 27. g4 f4
28. c4 Qd6 29. cxd5 exd5 30. Re5 Rd8 31. Rce1 Rd7 32. Qd3 Bf6 33. Qf5 Rg6 34.
Re6 1-0

[Event "World Rapid Women 2025"]
[Site "Doha QAT"]
[Date "2025.12.28"]
[Round "11.70"]
[White "Alotaibi, Maitha Abdulrahman A"]
[Black "Alsemairi, Dalia"]
[Result "1/2-1/2"]
[BlackTitle "WCM"]
[WhiteElo "1600"]
[BlackElo "1802"]
[WhiteFideId "21524009"]
[BlackFideId "21511217"]
[EventDate "2025.12.26"]

1. d4 d5 2. c4 e6 3. Nc3 Nf6 4. Nf3 c6 5. e3 Be7 6. Be2 dxc4 7. O-O b5 8. a4 a6
9. axb5 Bb7 10. bxc6 Nxc6 11. Bxc4 O-O 12. Bd2 Qc7 13. Bd3 Nb4 14. Be2 h6 15.
Rc1 Qd8 16. Bc4 Rc8 17. Na4 Ne4 18. Bxb4 Bxb4 19. Nc5 Nxc5 20. dxc5 Qxd1 21.
Rfxd1 Rxc5 22. Nd4 Rfc8 23. b3 Bd5 24. Rc2 Bxc4 25. bxc4 Rxc4 26. Rxc4 Rxc4 27.
h3 a5 28. Rb1 e5 29. Nb5 f6 30. Kf1 Rc5 31. Nd6 Rc6 32. Ne4 Ra6 33. Ke2 Ra8 34.
Kd3 Rd8+ 35. Kc2 f5 36. Nc3 Rc8 37. Rb3 Kf7 38. Kb2 Bxc3+ 39. Rxc3 Rxc3 40. Kxc3
Ke6 41. Kc4 a4 42. Kb4 g5 43. Kxa4 Kd5 44. Kb3 Ke4 45. Kc3 g4 46. hxg4 fxg4 47.
Kd2 h5 48. Ke2 Kf5 49. g3 Ke4 50. Kf1 Kf3 51. Kg1 Ke2 52. Kg2 e4 53. Kg1 Ke1 54.
Kg2 Ke2 55. Kg1 Ke1 56. Kg2 Ke2 1/2-1/2